| 000 | 01107nam a22002657a 4500 | ||
|---|---|---|---|
| 003 | DO-SdBNP | ||
| 005 | 20250211094044.0 | ||
| 008 | 090529s2001 dr r 001 0 spa d | ||
| 040 |
_aDO-SdBNP _bspa _cBNPHU |
||
| 082 |
_a352.367 _bO12e |
||
| 245 | 0 | 0 |
_aObjetivos y estrategias para la reforma del Estado en la República Dominicana / _ceditor, Tirso Mejía Ricart |
| 260 |
_aSanto Domingo : _bCONARE, _c2001. |
||
| 300 |
_a36 p. : _c22 cm. |
||
| 590 | _aInventariado, 2022/ YL | ||
| 650 | 4 |
_aAdministracíon pública _zRepública Dominicana _93011 |
|
| 650 | 4 |
_aDescentralización administrativa _zRepública Dominicana _93012 |
|
| 651 | 4 |
_aRepública Dominicana _xPolítica Y Gobierno _y1961- _9204 |
|
| 651 | 4 |
_aRepública Dominicana _xPolítica Económica _9643 |
|
| 651 | 4 |
_aRepública Dominicana _xPolítica Social _92627 |
|
| 651 | 4 |
_aRepública Dominicana _xPolítica Militar _92243 |
|
| 700 | 1 | 2 |
_a Mejía-Ricart G., Tirso, _d1936-2021 _q(Mejía-Ricart Guzmán) _eed. _91569 |
| 710 | 1 |
_aRepública Dominicana. Consejo Nacional de Reforma del Estado _964396 |
|
| 910 | _aYLockward | ||
| 942 |
_2ddc _cLF2 |
||
| 999 |
_c51572 _d51572 |
||